<?xml version="1.0" encoding="UTF-8"?>
<collection xmlns="http://www.loc.gov/MARC21/slim">
 <record>
  <leader>01272cmm a2200193 a 4500</leader>
  <controlfield tag="001">1/33119</controlfield>
  <controlfield tag="008">070428suuuu    gr     g   ua       gre d</controlfield>
  <datafield tag="020" ind1=" " ind2=" ">
   <subfield code="a">9603015687</subfield>
  </datafield>
  <datafield tag="035" ind1=" " ind2=" ">
   <subfield code="l">35527</subfield>
  </datafield>
  <datafield tag="040" ind1=" " ind2=" ">
   <subfield code="a">GR-PeUP</subfield>
  </datafield>
  <datafield tag="082" ind1="0" ind2="0">
   <subfield code="a">CD-ROM 346.495 ΠΑΡ</subfield>
  </datafield>
  <datafield tag="100" ind1="1" ind2=" ">
   <subfield code="a">Παρασκευάς, Παναγιώτης Ν.</subfield>
  </datafield>
  <datafield tag="245" ind1="1" ind2="0">
   <subfield code="a">Codex πρακτική εμπορικών μισθώσεων :</subfield>
   <subfield code="h">[Interactive multimedia] :</subfield>
   <subfield code="b">κατ' άρθρο ερμηνεία του ΠΔ 34/1995 (ενημέρωση μέχρι και το ν.2741/1999), νομολογιακή τεκμηρίωση, ειδική βιβλιογραφία, δικόγραφα: αγωγών, προτάσεων και εξώδικω΄ν δηλώσεων.</subfield>
  </datafield>
  <datafield tag="260" ind1=" " ind2=" ">
   <subfield code="a">Αθήνα :</subfield>
   <subfield code="b">Σάκκουλα,</subfield>
   <subfield code="c">[200;].</subfield>
  </datafield>
  <datafield tag="300" ind1=" " ind2=" ">
   <subfield code="a">1 computer laser optical disc :</subfield>
   <subfield code="b">sd., col. ;</subfield>
   <subfield code="c">4 3/4 in +</subfield>
   <subfield code="e">1 οδηγό χρήσης (19 εκ. 36 σ.).</subfield>
  </datafield>
  <datafield tag="538" ind1=" " ind2=" ">
   <subfield code="a">Ελάχιστες απαιτήσεις συστήματος :Windows 95, 98, ΝΤ, 2000, Μe.</subfield>
  </datafield>
  <datafield tag="650" ind1=" " ind2="4">
   <subfield code="a">CD-ROMs.</subfield>
  </datafield>
  <datafield tag="650" ind1=" " ind2="4">
   <subfield code="a">Εμπορικές μισθώσεις</subfield>
   <subfield code="z">Ελλάδα</subfield>
   <subfield code="x">Δίκαιο και νομοθεσία</subfield>
   <subfield code="x">CD-ROMs.</subfield>
  </datafield>
  <datafield tag="852" ind1=" " ind2=" ">
   <subfield code="a">INST</subfield>
   <subfield code="b">UNIPILB</subfield>
   <subfield code="c">MMEDIA</subfield>
   <subfield code="e">20070730</subfield>
   <subfield code="h">CD-ROM 346.495 ΠΑΡ</subfield>
   <subfield code="p">00153254</subfield>
   <subfield code="q">00153254</subfield>
   <subfield code="t">NOLOAN</subfield>
   <subfield code="y">23</subfield>
   <subfield code="4">1</subfield>
  </datafield>
 </record>
</collection>
